The Ukraine War - Part II - Statistics

General Stats
  • This quiz has been taken 184 times
  • The average score is 18 of 25
Answer Stats
Hint Answer % Correct
Ukrainian capital the Russians failed to conquer in the early stages of the war Kyiv
99%
Ukrainian President still defending his country Volodymyr Zelensky
99%
Letter of the alphabet that has become a symbol of the Russian forces Z
98%
President still in power in the Kremlin Vladimir Putin
97%
Country with the most Ukrainian refugees Poland
93%
Country which gave the most military aid to Ukraine United States
86%
Coastal city in Southern Ukraine, besieged and heavily bombed by Russian forces between Feb. and May 2022, killing thousands of civilians Mariupol
85%
#2 Luhansk
81%
On Sept. 30, 2022, Russia annexed four regions in the East and Southeast of Ukraine. Name them: Donetsk
80%
#4 Kherson
75%
Oblast (province) including the largest Eastern Ukrainian city, liberated by a Ukrainian counteroffensive in Sept. 2022 Kharkiv
74%
Town in the outskirts of the Ukrainian capital where Russian forces according to strong evidence committed war crimes in March 2022 Bucha
73%
Ukrainian salute spreading around the world after the beginning of the invasion (guess the Ukrainian version or English translation) Slava Ukrayini/Glory to Ukraine
72%
Regiment of the Ukrainian national guard (denounced as ultranationalist by the Russian side) defending the city above, particulary in Azovstal steel plant Azov
70%
Ukraine's largest nuclear power plant occupied by Russian forces and shelled multiple times in the course of the war Zaporizhzhia
68%
#3 Zaporizhzhia
68%
Gas pipeline system in the Baltic Sea damaged by alleged sabotage in Sept. 2022 Nord Stream
65%
Flagship of the Russian Black Sea Fleet, sunk in April 2022 Moskva
59%
Battle tank the Ukraine desperately wants from Germany (but Chancellor Scholz refuses to deliver) Leopard
58%
Mockery of democracy the Russian military administration undertook in order to give these annexations a «legal» look referendums/votes
53%
Mobile multiple rocket launcher delivered by this country and described as a key weapon HIMARS
52%
International financial transaction system major Russian banks have been excluded from in March 2022 SWIFT
48%
Country with the most aid to Ukraine in relation to its GDP Estonia
45%
Headquarters of this UN Agency (a European capital) Vienna
32%
UN Agency that sent a mission to this power plant examining the security situation (acronym) IAEA
25%
No matching quizzes found
Score Distribution
Percent of People with Each Score
Percentile by Number Answered
Your Score History
You have not taken this quiz